Представление документа в формате RUSMARC

ПолеНазваниеЗначение
  Тип записи a
  Библиографический уровень m
001 Контрольный номер 70414fbf8fba4005aebb4711828952d4
005 Дата корректировки 20211006072721.0
010 Индекс ISBN __
d Цена 0-46
100 Данные общей обработки __
a Данные общей обработки 20211006d1964####|||y0rusy50######ca
101 Язык документа 0_
a Язык текста rus
c Язык оригинала rus
102 Страна публикации __
a Страна публикации RU
200 Заглавие и сведения об ответственности 1_
a Заглавие Человеческие расы
f Первые сведения об ответственности М. Ф. Нестурх, доктор биологических наук
g Последующие сведения об ответственности редактор Т. П. Крюкова
g Последующие сведения об ответственности оформление художника М. И. Гозенпута
205 Сведения об издании __
a Основные сведения об издании Издание 3-е, пересмотренное
210 Выходные данные 1_
a Место издания Москва
c Издательство Просвещение
d Дата издания 1964
215 Физическое описание __
a Объем 104, [2] с.
c Иллюстрации/тип воспроизводства ил., цв. ил., карты
320 Библиография __
a Библиография Пояснения к форзацам: с. 2
330 Аннотация __
a Аннотация В книге дается понятие о человеческих расах с точки зрения антропологии, разбираются вопросы, связанные с происхождением и развитием рас, приводятся доказательства их биологической равноценности, рассматриваются вопросы расизма и положение рас в СССР. Монография предназначена для преподавателей биологии среднего образовательного учреждения.
606 Тематические рубрики __
a Основная рубрика Биология
606 Тематические рубрики __
a Основная рубрика Антропология
610 Ключевые слова 0_
a Ключевые слова человеческие расы
a Ключевые слова происхождение рас
a Ключевые слова развитие рас
a Ключевые слова расовые признаки
a Ключевые слова расизм
a Ключевые слова европеоидная раса
a Ключевые слова монголоидная раса
a Ключевые слова неандертальцы
a Ключевые слова древнейшие люди
a Ключевые слова антропоиды
a Ключевые слова географическая изоляция
a Ключевые слова социальная изоляция
a Ключевые слова естественный отбор
a Ключевые слова метисация
a Ключевые слова негроидно-австралоидная раса
a Ключевые слова раса и язык
a Ключевые слова строение человека (антропология)
a Ключевые слова раса и психика
a Ключевые слова раса и язык
686 Индексы других классификаций __
a Индекс ББК 28.71
700 Автор _1
a Фамилия Нестурх
b Имя М. Ф.
g Полное личное имя Михаил Федорович
801 Источник записи _0
a Страна RU
b Организация Центральная районная библиотека им. Г. А. Пирожникова
g Правила каталогизации bzbo
801 Источник записи _1
a Страна RU
b Организация Центральная районная библиотека им. Г. А. Пирожникова
g Правила каталогизации bzbo
852 Данные о местонахождении __
j Шифр хранения 28.71
i Авторский знак Н 567
901 Тип документа __
t Тип документа m
902 Роль лиц __
a Создатель БЗ ОКиО/Колмакова